000 00562nam a2200217Ia 4500
003 OSt
005 20221007083001.0
006 a|||||r|||| 00| 0
007 ta
008 221006b |||||||| |||| 00| 0 eng d
024 _a44,603
037 _cDissertations
040 _aFLL
_cFLL
_beng
041 _2eng
_aeng
100 _aTRIPATHI Amritesh kumar
_9699993
245 0 _aMercy killing
_b The Indian legal perspective
260 _c2017
300 _a140p.
_ccm.
942 _cDIS
_2CC
999 _c1168390
_d1168390